| 000 | 01363nam0a2200325 4500 | ||
|---|---|---|---|
| 001 | RU\NLR\bibl\1176020 | ||
| 005 | 20250615090806.0 | ||
| 010 |
_a978-5-94157-977-8 _93500 |
||
| 021 |
_aRU _b2008-18631 _91019 |
||
| 035 | _a(NLR Aleph) 001162671 | ||
| 090 |
_a1547463 _c1547463 |
||
| 100 | _a20080115d2008 |||y0rusy50 ca | ||
| 101 | 0 | _arus | |
| 102 | _aRU | ||
| 105 | _aa ||||||||| | ||
| 200 | 1 |
_aAdobe Photoshop CS3 Extended _e[+ видеокурс _eнаиболее полное руководство _eдля широкого круга пользователей] _fСергей Пономаренко |
|
| 210 |
_aСанкт-Петербург _cБХВ-Петербург _d2008 [т.е. 2007] |
||
| 215 |
_a1050 с. _cил. _d24 _e1 электр. опт. диск (CD-ROM) |
||
| 225 | 1 | _aВ подлиннике | |
| 300 | _aКн. фактически изд. в 2007 г. | ||
| 320 | _aПредм. указ.: с. 1021-1050 | ||
| 606 | 1 |
_aADOBE PHOTOSHOP CS 3, графический редактор _jРуководства, пособия и т.п. _92485898 _3RU\NLR\auth\661475353 |
|
| 686 | _aЗ973.23-018.3я7 | ||
| 700 | 1 |
_aПономаренко _bС. И. _gСергей Иванович _4070 |
|
| 801 | 0 |
_aRU _bNLR _c20080115 _gRCR |
|
| 801 | 1 |
_aRU _bNLR _c20080115 |
|
| 830 | _aавт. по кн. | ||
| 942 | _cBOOK | ||
| 980 | _aNB | ||